[Event "Bundesliga 2324"]
[Site "Germany"]
[Date "2024.04.27"]
[Round "14.2"]
[White "Ivanchuk, Vassily"]
[Black "Nisipeanu, Liviu Dieter"]
[Result "1/2-1/2"]
[WhiteElo "2653"]
[BlackElo "2600"]
[PlyCount "109"]
[EventDate "2023.10.21"]
[EventType "team-tourn"]
[EventRounds "15"]
[EventCountry "GER"]
[SourceTitle "CB18_2024"]
[SourceDate "2024.05.01"]
[SourceVersion "1"]
[SourceVersionDate "2024.05.01"]
[SourceQuality "2"]
[WhiteTeam "Remagen Sinzig"]
[BlackTeam "Dresden TU"]
[WhiteTeamCountry "GER"]
[BlackTeamCountry "GER"]

1. e4 e5 2. Nf3 Nc6 3. Bc4 Nf6 4. d3 Be7 5. 0-0 d6 6. c3 0-0 7. Bb3 Na5 8. Bc2 c5 9. b4 cxb4 10. cxb4 Nc6 11. a3 Bg4 12. Bb2 a5 13. b5 Qb6 14. a4 Bxf3 15. Qxf3 Nd4 16. Bxd4 Qxd4 17. Nd2 Qc3 18. Qd1 d5 19. Rc1 Bb4 20. Nf3 Ba3 21. Rb1 Rac8 22. Bb3 dxe4 23. dxe4 Qc7 24. Qe2 Qe7 25. g3 g6 26. Kg2 Kg7 27. Rfd1 Rc3 28. Rd3 Rxd3 29. Qxd3 Rd8 30. Qc4 Bc5 31. h3 b6 32. Rd1 Rxd1 33. Bxd1 h6 34. Bb3 Qb7 35. Bc2 Qc7 36. Bb3 Qb7 37. Bc2 Qc7 38. Bb1 Qe7 39. Qc3 Nd7 40. Ba2 Nf6 41. Bd5 Bd6 42. Qc6 Bc5 43. Bc4 Nh7 44. Ne1 Qf6 45. Nd3 Bd4 46. f4 exf4 47. gxf4 g5 48. Qc7 gxf4 49. Nxf4 Kg8 50. Qc8+ Nf8 51. Qg4+ Kh8 52. Qf5 Qg7+ 53. Kf3 Ng6 54. Nxg6+ fxg6 55. Qf7 1/2-1/2

[Event "Bundesliga 2324"]
[Site "Germany"]
[Date "2024.03.17"]
[Round "13.1"]
[White "Nisipeanu, Liviu Dieter"]
[Black "Bluebaum, Matthias"]
[Result "1/2-1/2"]
[WhiteElo "2600"]
[BlackElo "2668"]
[PlyCount "41"]
[EventDate "2023.10.21"]
[EventType "team-tourn"]
[EventRounds "15"]
[EventCountry "GER"]
[SourceTitle "CB13_2024"]
[SourceDate "2024.03.27"]
[SourceVersion "1"]
[SourceVersionDate "2024.03.27"]
[SourceQuality "1"]
[WhiteTeam "Dresden TU"]
[BlackTeam "Deizisau"]
[WhiteTeamCountry "GER"]
[BlackTeamCountry "GER"]

1. e4 e5 2. Nf3 Nc6 3. Bb5 a6 4. Ba4 Nf6 5. d3 Bc5 6. Bxc6 dxc6 7. Nbd2 Be6 8. Nb3 Bb6 9. Be3 Bxe3 10. fxe3 Nd7 11. Qd2 Qe7 12. Qc3 f6 13. Na5 Rb8 14. 0-0 0-0 15. b4 c5 16. a3 Rfc8 17. Rab1 Qd6 18. Nc4 Qc6 19. Na5 Qd6 20. Nc4 Qc6 21. Na5 1/2-1/2

[Event "Bundesliga 2324"]
[Site "Germany"]
[Date "2024.02.25"]
[Round "11.8"]
[White "Nisipeanu, Liviu Dieter"]
[Black "Cheparinov, Ivan"]
[Result "1/2-1/2"]
[WhiteElo "2600"]
[BlackElo "2658"]
[PlyCount "41"]
[EventDate "2023.10.21"]
[EventType "team-tourn"]
[EventRounds "15"]
[EventCountry "GER"]
[SourceTitle "CB09_2024"]
[SourceDate "2024.02.28"]
[SourceVersion "1"]
[SourceVersionDate "2024.02.28"]
[SourceQuality "1"]
[WhiteTeam "Dresden TU"]
[BlackTeam "Kiel Turm"]
[WhiteTeamCountry "GER"]
[BlackTeamCountry "GER"]

1. d4 Nf6 2. c4 e6 3. Nc3 Bb4 4. e3 0-0 5. Bd3 d5 6. Nf3 b6 7. cxd5 exd5 8. 0-0 c5 9. Bd2 Nc6 10. a3 Bxc3 11. Bxc3 c4 12. Be2 a5 13. Ne5 Qc7 14. f3 b5 15. b4 axb4 16. axb4 Bb7 17. Qd2 Rae8 18. Bd1 Nd7 19. Nxd7 Qxd7 20. Bc2 f5 21. Rfe1 1/2-1/2

[Event "Bundesliga 2324"]
[Site "Germany"]
[Date "2024.02.03"]
[Round "7.1"]
[White "Vitiugov, Nikita"]
[Black "Nisipeanu, Liviu Dieter"]
[Result "1-0"]
[WhiteElo "2711"]
[BlackElo "2600"]
[PlyCount "61"]
[EventDate "2023.10.21"]
[EventType "team-tourn"]
[EventRounds "15"]
[EventCountry "GER"]
[SourceTitle "CB06_2024"]
[SourceDate "2024.02.07"]
[SourceVersion "1"]
[SourceVersionDate "2024.02.07"]
[SourceQuality "1"]
[WhiteTeam "Baden-Baden"]
[BlackTeam "Dresden TU"]
[WhiteTeamCountry "GER"]
[BlackTeamCountry "GER"]

1. e4 c6 2. d4 d5 3. f3 e6 4. Nc3 Bb4 5. Bd2 Ne7 6. a3 Bxc3 7. Bxc3 b6 8. Qd2 0-0 9. Qf4 dxe4 10. fxe4 f5 11. Qe3 Ba6 12. Bxa6 Nxa6 13. Nf3 fxe4 14. Qxe4 Qd5 15. Qd3 b5 16. 0-0 Ng6 17. Rae1 Rf6 18. Bd2 Raf8 19. b3 Nc7 20. c4 bxc4 21. bxc4 Qd7 22. Bb4 R8f7 23. Qe3 h6 24. Rf2 Na8 25. Ref1 Rxf3 26. gxf3 Nh4 27. Re1 Nb6 28. Qe4 g5 29. Kh1 Nxc4 30. Qxe6 Qxd4 31. Qxh6 1-0

[Event "AUT-chT 2324"]
[Site "Austria"]
[Date "2023.11.26"]
[Round "6.5"]
[White "Sebenik, Matej"]
[Black "Nisipeanu, Liviu Dieter"]
[Result "1/2-1/2"]
[WhiteElo "2531"]
[BlackElo "2591"]
[PlyCount "69"]
[EventDate "2023.11.22"]
[EventType "team-tourn"]
[EventRounds "11"]
[EventCountry "AUT"]
[SourceTitle "CB48_2023"]
[SourceDate "2023.11.29"]
[SourceVersion "1"]
[SourceVersionDate "2023.11.29"]
[SourceQuality "1"]
[WhiteTeam "Raika Feffernitz"]
[BlackTeam "Jenbach"]
[WhiteTeamCountry "AUT"]
[BlackTeamCountry "AUT"]

1. c4 Nf6 2. Nf3 g6 3. Nc3 Bg7 4. e4 d6 5. d4 0-0 6. Be2 Na6 7. 0-0 e5 8. Be3 c6 9. Re1 Ng4 10. Bg5 f6 11. Bh4 Nh6 12. c5 exd4 13. Bxa6 dxc3 14. Bc4+ Kh8 15. cxd6 cxb2 16. Rb1 g5 17. Bg3 g4 18. Nd4 f5 19. exf5 Nxf5 20. Nxf5 Bxf5 21. Bd3 Qa5 22. Re7 Bxd3 23. Qxd3 Qf5 24. Qxf5 Rxf5 25. Rxb7 Raf8 26. Rd1 Bf6 27. d7 Rb5 28. Rxb5 cxb5 29. Bc7 Kg7 30. Kf1 Kf7 31. Ke2 Ke6 32. Rd6+ Ke7 33. Rd1 Ke6 34. Rd6+ Ke7 35. Rd1 1/2-1/2

[Event "ROM-chT"]
[Site "Eforie Nord"]
[Date "2023.09.25"]
[Round "5.2"]
[White "Nisipeanu, Liviu Dieter"]
[Black "Musat, Adrian"]
[Result "1-0"]
[WhiteElo "2600"]
[BlackElo "2378"]
[PlyCount "83"]
[EventDate "2023.09.21"]
[EventType "team-tourn"]
[EventRounds "9"]
[EventCountry "ROU"]
[SourceTitle "EXT 2024"]
[Source "ChessBase"]
[SourceDate "2023.10.10"]
[SourceVersion "1"]
[SourceVersionDate "2023.10.10"]
[SourceQuality "1"]
[WhiteTeam "Arad Vados"]
[BlackTeam "Craiova Oltenia"]
[WhiteTeamCountry "ROU"]
[BlackTeamCountry "ROU"]

1. e4 e5 2. Nf3 Nc6 3. Bb5 a6 4. Ba4 Nf6 5. d3 b5 6. Bb3 Be7 7. a4 Bb7 8. 0-0 d6 9. Nc3 Na5 10. Ba2 b4 11. Ne2 0-0 12. c3 bxc3 13. bxc3 c5 14. Ng3 c4 15. Re1 cxd3 16. Qxd3 d5 17. exd5 Bxd5 18. Nxe5 Bxa2 19. Rxa2 Qxd3 20. Nxd3 Nd5 21. Nf4 Nxc3 22. Rc2 Bb4 23. Bd2 Rfc8 24. Nd3 Ne2+ 25. Rxe2 Rxc2 26. Bxb4 Rxe2 27. Nxe2 Nb3 28. f3 Rc8 29. Bc3 a5 30. Kf2 Nc5 31. Nxc5 Rxc5 32. Bd2 Rc4 33. Nc3 f6 34. Ke2 Kf7 35. Kd3 Rb4 36. Kc2 h5 37. g3 h4 38. Bf4 hxg3 39. hxg3 Rb7 40. Nb5 Rb6 41. Bd2 Ra6 42. Kd3 1-0

[Event "Bundesliga 2223"]
[Site "Germany"]
[Date "2023.04.29"]
[Round "14.1"]
[White "Nisipeanu, Liviu Dieter"]
[Black "Navara, David"]
[Result "1/2-1/2"]
[WhiteElo "2615"]
[BlackElo "2676"]
[PlyCount "63"]
[EventDate "2022.10.21"]
[EventType "team-tourn"]
[EventRounds "15"]
[EventCountry "GER"]
[SourceTitle "CBM 213 Extra"]
[Source "ChessBase"]
[SourceDate "2023.05.31"]
[SourceVersion "1"]
[SourceVersionDate "2023.05.31"]
[SourceQuality "1"]
[WhiteTeam "Dresden TU"]
[BlackTeam "Muelheim Nord"]
[WhiteTeamCountry "GER"]
[BlackTeamCountry "GER"]

1. d4 Nf6 2. c4 e6 3. Nc3 Bb4 4. e3 0-0 5. Bd3 d5 6. a3 Bxc3+ 7. bxc3 dxc4 8. Bxc4 c5 9. Nf3 Qc7 10. Be2 Nc6 11. Bb2 Rd8 12. Qc2 Na5 13. dxc5 Qxc5 14. c4 b6 15. Bd4 Qc7 16. Rc1 Ba6 17. Qb2 Nxc4 18. Bxc4 Bxc4 19. Nd2 b5 20. Nxc4 bxc4 21. Bxf6 gxf6 22. Qxf6 Qa5+ 23. Qc3 Qxc3+ 24. Rxc3 Rab8 25. Ke2 Rb2+ 26. Kf3 Rdd2 27. Rf1 Rbc2 28. Rxc2 Rxc2 29. Rb1 Ra2 30. Rc1 Rxa3 31. Rxc4 a5 32. g4 1/2-1/2

[Event "AUT-chT 2223"]
[Site "Austria"]
[Date "2023.03.24"]
[Round "6.1"]
[White "Nisipeanu, Liviu Dieter"]
[Black "Skoberne, Jure"]
[Result "1/2-1/2"]
[WhiteElo "2603"]
[BlackElo "2538"]
[PlyCount "69"]
[EventDate "2022.11.03"]
[EventType "team-tourn"]
[EventRounds "11"]
[EventCountry "AUT"]
[SourceTitle "CBM 213 Extra"]
[Source "ChessBase"]
[SourceDate "2023.05.31"]
[SourceVersion "1"]
[SourceVersionDate "2023.05.31"]
[SourceQuality "1"]
[WhiteTeam "Jenbach"]
[BlackTeam "Raika Feffernitz"]
[WhiteTeamCountry "AUT"]
[BlackTeamCountry "AUT"]

1. e4 d6 2. d4 Nf6 3. Nc3 g6 4. Be3 c6 5. h3 Nbd7 6. Nf3 Qc7 7. a4 Bg7 8. Be2 0-0 9. 0-0 e5 10. dxe5 Nxe5 11. Qd2 Be6 12. Rfd1 Rfd8 13. Bg5 Nxf3+ 14. Bxf3 Rd7 15. a5 d5 16. exd5 Nxd5 17. Nxd5 cxd5 18. a6 bxa6 19. c3 Rb8 20. Bf4 Rxb2 21. Qxb2 Qxf4 22. Qe2 Bxc3 23. Rxa6 d4 24. g3 Qc7 25. Rc6 Qd8 26. Qe5 Bd5 27. Bxd5 Rxd5 28. Qc7 Qxc7 29. Rxc7 Ra5 30. Rb1 h5 31. Kg2 a6 32. Rb6 Rd5 33. Rxa6 d3 34. Rxc3 d2 35. Ra1 1/2-1/2

[Event "Bundesliga 2223"]
[Site "Germany"]
[Date "2023.03.18"]
[Round "10.6"]
[White "Nisipeanu, Liviu Dieter"]
[Black "Eljanov, Pavel"]
[Result "1/2-1/2"]
[WhiteElo "2615"]
[BlackElo "2697"]
[PlyCount "45"]
[EventDate "2022.10.21"]
[EventType "team-tourn"]
[EventRounds "15"]
[EventCountry "GER"]
[SourceTitle "CBM 213 Extra"]
[Source "ChessBase"]
[SourceDate "2023.05.31"]
[SourceVersion "1"]
[SourceVersionDate "2023.05.31"]
[SourceQuality "1"]
[WhiteTeam "Dresden TU"]
[BlackTeam "Muenchen 36"]
[WhiteTeamCountry "GER"]
[BlackTeamCountry "GER"]

1. e4 e5 2. Nf3 Nc6 3. d4 exd4 4. c3 dxc3 5. Bc4 d6 6. Nxc3 Be6 7. Bxe6 fxe6 8. Qb3 Qd7 9. 0-0 Be7 10. Rd1 Bf6 11. Bf4 Bxc3 12. Qxc3 Nf6 13. e5 Ne4 14. Qb3 0-0 15. exd6 cxd6 16. Qe3 d5 17. Qxe4 dxe4 18. Rxd7 exf3 19. Be3 Rab8 20. Rad1 a6 21. Rc7 Ne5 22. h3 fxg2 23. Ba7 1/2-1/2

[Event "Bayern-chI Bank Hofmann 25th"]
[Site "Tegernsee"]
[Date "2022.11.10"]
[Round "6"]
[White "Nisipeanu, Liviu Dieter"]
[Black "Seul, Georg"]
[Result "1-0"]
[WhiteElo "2603"]
[BlackElo "2340"]
[PlyCount "65"]
[EventDate "2022.11.05"]
[EventType "swiss"]
[EventRounds "9"]
[EventCountry "GER"]
[SourceTitle "CBM 211 Extra"]
[Source "ChessBase"]
[SourceDate "2023.01.31"]
[SourceVersion "1"]
[SourceVersionDate "2023.01.31"]
[SourceQuality "1"]

1. e4 c6 2. Nf3 d5 3. Nc3 dxe4 4. Nxe4 Nf6 5. Qe2 Nxe4 6. Qxe4 Nd7 7. Bc4 Nf6 8. Ne5 e6 9. Qe2 b5 10. Bb3 Qc7 11. d4 Bd6 12. 0-0 0-0 13. Bf4 a5 14. c4 bxc4 15. Bxc4 c5 16. dxc5 Qxc5 17. Rfd1 Bxe5 18. Bxe5 Bb7 19. Rac1 Rfc8 20. Qe1 Qe7 21. Bf1 Rxc1 22. Rxc1 Nd5 23. a4 h5 24. Qd2 Qd8 25. h3 Rc8 26. Rxc8 Bxc8 27. Bb5 Qb6 28. Qg5 f6 29. Qxh5 Ba6 30. Qe8+ Kh7 31. Bg3 e5 32. Bd7 Bd3 33. Be6 1-0

[Event "Bundesliga 2223"]
[Site "Germany"]
[Date "2022.10.22"]
[Round "1.1"]
[White "Nisipeanu, Liviu Dieter"]
[Black "Moussard, Jules"]
[Result "1/2-1/2"]
[WhiteElo "2615"]
[BlackElo "2686"]
[PlyCount "59"]
[EventDate "2022.10.21"]
[EventType "team-tourn"]
[EventRounds "15"]
[EventCountry "GER"]
[SourceTitle "CBM 211"]
[Source "ChessBase"]
[SourceDate "2022.12.31"]
[SourceVersion "1"]
[SourceVersionDate "2022.12.31"]
[SourceQuality "1"]
[WhiteTeam "Dresden TU"]
[BlackTeam "Deizisau"]
[WhiteTeamCountry "GER"]
[BlackTeamCountry "GER"]

1. d4 Nf6 2. c4 e6 3. Nc3 d5 4. cxd5 exd5 5. Bg5 c6 6. e3 h6 7. Bh4 Be7 8. Bd3 0-0 9. Nge2 Ne8 10. Bg3 Nd6 11. 0-0 Re8 12. Qc2 Bf8 13. Rad1 a5 14. a3 Nd7 15. h3 Nf6 16. Be5 Nfe4 17. Bxe4 dxe4 18. Ng3 f5 19. Nce2 Nf7 20. f3 exf3 21. Rxf3 Nxe5 22. dxe5 Qe7 23. Nxf5 Qxe5 24. Neg3 Bxf5 25. Nxf5 Rad8 26. Rdf1 Rd7 27. Qc4+ Kh7 28. Qc2 Kg8 29. Qc4+ Kh7 30. Qc2 1/2-1/2

[Event "EU-Cup 37th"]
[Site "Mayrhofen"]
[Date "2022.10.04"]
[Round "2.4"]
[White "Bagi, Mate"]
[Black "Nisipeanu, Liviu Dieter"]
[Result "1/2-1/2"]
[WhiteElo "2460"]
[BlackElo "2615"]
[PlyCount "164"]
[EventDate "2022.10.03"]
[EventType "team-swiss"]
[EventRounds "7"]
[EventCountry "AUT"]
[SourceTitle "CBM 210 Extra"]
[Source "ChessBase"]
[SourceDate "2022.11.30"]
[SourceVersion "1"]
[SourceVersionDate "2022.11.30"]
[SourceQuality "1"]
[WhiteTeam "Dunajska Streda"]
[BlackTeam "Superbet ASE"]
[WhiteTeamCountry "SVK"]
[BlackTeamCountry "ROU"]

1. e4 e6 2. d4 d5 3. Nc3 Bb4 4. exd5 exd5 5. Bd3 Nc6 6. a3 Bxc3+ 7. bxc3 Nge7 8. Qf3 Be6 9. Ne2 Qd7 10. h3 Bf5 11. 0-0 Bxd3 12. cxd3 Qf5 13. Qxf5 Nxf5 14. Bf4 0-0-0 15. Ng3 Nxg3 16. Bxg3 Rhe8 17. Rfe1 Rxe1+ 18. Rxe1 Kd7 19. Bf4 b5 20. Kf1 Rb8 21. Rb1 a5 22. Ke1 b4 23. axb4 axb4 24. Kd1 Ra8 25. Be3 Ra3 26. cxb4 Nxd4 27. Kd2 Ra2+ 28. Ke1 Ne6 29. h4 h5 30. g3 g6 31. b5 Ra8 32. Rb4 Kd6 33. Kd2 Ra2+ 34. Kc3 Ke5 35. Kb3 Ra1 36. Bf4+ Kf5 37. Kb2 Ra8 38. Be3 Ke5 39. Bf4+ Kf5 40. Be3 Rb8 41. Kc3 Ra8 42. Kb2 Rd8 43. Kc3 Ke5 44. Bd2 d4+ 45. Kc4 Ra8 46. b6 cxb6 47. Rb5+ Kf6 48. Rxb6 Ra2 49. Bf4 Rxf2 50. Kd5 Kf5 51. Be5 Ra2 52. Rb5 g5 53. hxg5 Kxg5 54. Kd6 Kg6 55. Kd5 Re2 56. Bb8 Re3 57. Kc4 Rf3 58. Bd6 Ng7 59. Rb6 Nf5 60. Be5+ Kg5 61. Rb8 Kg4 62. Rg8+ Kh3 63. Rh8 Nxg3 64. Bxg3 Kxg3 65. Rxh5 Rf4 66. Rd5 f6 67. Rd6 f5 68. Rd5 Kg4 69. Re5 Kg5 70. Kd5 Rh4 71. Re8 Kg4 72. Kxd4 Kg3+ 73. Ke5 f4 74. Rg8+ Rg4 75. Rf8 f3 76. d4 f2 77. d5 Rg5+ 78. Ke6 Kg2 79. d6 Rg6+ 80. Ke7 Rxd6 81. Kxd6 f1Q 82. Rxf1 Kxf1 1/2-1/2

[Event "ROM-chT"]
[Site "Oradea"]
[Date "2022.09.22"]
[Round "2.3"]
[White "Cioara, Andrei Nestor"]
[Black "Nisipeanu, Liviu Dieter"]
[Result "0-1"]
[WhiteElo "2407"]
[BlackElo "2633"]
[PlyCount "64"]
[EventDate "2022.09.21"]
[EventType "team-tourn"]
[EventRounds "9"]
[EventCountry "ROU"]
[SourceTitle "EXT 2024"]
[Source "ChessBase"]
[SourceDate "2023.10.10"]
[SourceVersion "1"]
[SourceVersionDate "2023.10.10"]
[SourceQuality "1"]
[WhiteTeam "Craiova Oltenia"]
[BlackTeam "Arad Vados"]
[WhiteTeamCountry "ROU"]
[BlackTeamCountry "ROU"]

1. d4 Nf6 2. c4 g6 3. g3 Bg7 4. Bg2 0-0 5. Nc3 d6 6. Nf3 Nbd7 7. 0-0 e5 8. e4 exd4 9. Nxd4 Re8 10. h3 Nc5 11. Re1 a5 12. Ndb5 Bd7 13. Bf4 Bxb5 14. cxb5 Nfd7 15. Qc2 h5 16. Be3 c6 17. Rad1 Qe7 18. e5 d5 19. f4 h4 20. gxh4 Qxh4 21. bxc6 bxc6 22. Ne2 Bf8 23. Nd4 Rac8 24. Nf3 Qg3 25. Ng5 Ne6 26. Nxe6 Rxe6 27. Bf2 Qxf4 28. Bxd5 cxd5 29. Qxc8 Nxe5 30. Rxe5 Rxe5 31. Rd4 Rg5+ 32. Kf1 Qf3 0-1

[Event "Dubai op 22nd"]
[Site "Dubai"]
[Date "2022.09.04"]
[Round "9"]
[White "Samant, Aditya S"]
[Black "Nisipeanu, Liviu Dieter"]
[Result "1/2-1/2"]
[WhiteElo "2430"]
[BlackElo "2644"]
[PlyCount "71"]
[EventDate "2022.08.27"]
[EventType "swiss"]
[EventRounds "9"]
[EventCountry "UAE"]
[SourceTitle "CBM 210 Extra"]
[Source "ChessBase"]
[SourceDate "2022.11.30"]
[SourceVersion "1"]
[SourceVersionDate "2022.11.30"]
[SourceQuality "1"]

1. e4 e5 2. Nf3 Nc6 3. Bb5 a6 4. Ba4 Nf6 5. 0-0 Be7 6. Re1 b5 7. Bb3 d6 8. c3 0-0 9. h3 Na5 10. Bc2 c5 11. d4 cxd4 12. cxd4 exd4 13. Nxd4 Bd7 14. Nd2 Re8 15. b3 Nc6 16. Bb2 Rc8 17. Nf1 Nxd4 18. Bxd4 Bf8 19. Ng3 h5 20. Qd2 g6 21. Rad1 Bg7 22. Bb1 Bc6 23. Qb2 h4 24. Nf1 Re6 25. Nd2 Bh6 26. Be3 Bxe3 27. Rxe3 Bb7 28. Qd4 Nh5 29. Nf3 Qe7 30. Rde1 Re8 31. a4 Nf6 32. axb5 axb5 33. Ng5 Re5 34. Nf3 Re6 35. Ng5 Re5 36. Nf3 1/2-1/2

[Event "Abu Dhabi Masters 28th"]
[Site "Abu Dhabi"]
[Date "2022.08.25"]
[Round "9"]
[White "Ajay Krishna, S."]
[Black "Nisipeanu, Liviu Dieter"]
[Result "0-1"]
[WhiteElo "2367"]
[BlackElo "2644"]
[PlyCount "88"]
[EventDate "2022.08.17"]
[EventType "swiss"]
[EventRounds "9"]
[EventCountry "UAE"]
[SourceTitle "CBM 209 Extra"]
[Source "ChessBase"]
[SourceDate "2022.09.30"]
[SourceVersion "1"]
[SourceVersionDate "2022.09.30"]
[SourceQuality "1"]

1. d4 Nf6 2. Nf3 e6 3. Bf4 b6 4. e3 Bb7 5. Bd3 Nh5 6. Bg3 Nxg3 7. hxg3 g6 8. Nbd2 Bg7 9. e4 d6 10. e5 Nd7 11. Qe2 Qe7 12. 0-0-0 d5 13. g4 a6 14. Rh3 c5 15. c3 h6 16. Rdh1 c4 17. Bc2 0-0-0 18. Ne1 b5 19. f4 b4 20. cxb4 Qxb4 21. f5 exf5 22. gxf5 Rhe8 23. Qg4 h5 24. Qg3 Nxe5 25. dxe5 Bxe5 26. Qa3 Qb6 27. Ba4 Bd6 28. Qf3 Re7 29. fxg6 fxg6 30. Nc2 Qa5 31. b3 Rc7 32. Qf6 Bb4 33. Nxb4 Qxb4 34. Rc3 d4 35. Qe6+ Kb8 36. Rxc4 Bd5 37. Qf6 Bxc4 38. bxc4 Rf8 39. Qxa6 Ra7 40. Qb5+ Qxb5 41. Bxb5 Rxa2 42. Rd1 Rf2 43. Bc6 d3 44. Be4 Ra1+ 0-1

[Event "Abu Dhabi Masters 28th"]
[Site "Abu Dhabi"]
[Date "2022.08.22"]
[Round "6"]
[White "Nisipeanu, Liviu Dieter"]
[Black "Shyam, Nikil P"]
[Result "1/2-1/2"]
[WhiteElo "2644"]
[BlackElo "2465"]
[PlyCount "74"]
[EventDate "2022.08.17"]
[EventType "swiss"]
[EventRounds "9"]
[EventCountry "UAE"]
[SourceTitle "CBM 209 Extra"]
[Source "ChessBase"]
[SourceDate "2022.09.30"]
[SourceVersion "1"]
[SourceVersionDate "2022.09.30"]
[SourceQuality "1"]

1. d4 Nf6 2. Nf3 g6 3. Nbd2 d5 4. b4 Bg7 5. e3 0-0 6. c4 b6 7. Ba3 c6 8. Rc1 Bb7 9. Be2 dxc4 10. Bxc4 a5 11. b5 Nd5 12. 0-0 cxb5 13. Bxb5 Ba6 14. Qa4 Bxb5 15. Qxb5 Qd7 16. Qb3 Nc6 17. g3 Ndb4 18. Rfd1 e6 19. Bxb4 axb4 20. Rc2 Rfc8 21. Rdc1 Ne7 22. Rxc8+ Nxc8 23. Qxb4 Rxa2 24. Ne4 Ra8 25. Ne5 Qd5 26. Nc3 Qa5 27. Nc6 Qxb4 28. Nxb4 Nd6 29. Nc6 Ra3 30. e4 h5 31. e5 Nf5 32. d5 exd5 33. Nxd5 Rb3 34. Nf6+ Bxf6 35. exf6 Rb5 36. Ne7+ Kh7 37. Rc7 g5 1/2-1/2

[Event "Abu Dhabi Masters 28th"]
[Site "Abu Dhabi"]
[Date "2022.08.18"]
[Round "2"]
[White "Nisipeanu, Liviu Dieter"]
[Black "Sattarov, Bobir"]
[Result "1-0"]
[WhiteElo "2644"]
[BlackElo "2450"]
[PlyCount "97"]
[EventDate "2022.08.17"]
[EventType "swiss"]
[EventRounds "9"]
[EventCountry "UAE"]
[SourceTitle "CBM 209 Extra"]
[Source "ChessBase"]
[SourceDate "2022.09.30"]
[SourceVersion "1"]
[SourceVersionDate "2022.09.30"]
[SourceQuality "1"]

1. e4 e5 2. Nf3 Nc6 3. Bb5 a6 4. Ba4 Nf6 5. 0-0 Nxe4 6. d4 b5 7. Bb3 d5 8. dxe5 Be6 9. Nbd2 Be7 10. c3 Nc5 11. Bc2 d4 12. Nb3 d3 13. Nxc5 dxc2 14. Qxd8+ Rxd8 15. Nxe6 fxe6 16. Be3 Rd5 17. Rfc1 0-0 18. c4 bxc4 19. Rxc2 Nxe5 20. Nxe5 Rxe5 21. Rxc4 Bd6 22. b3 Ra5 23. Rc2 Ra8 24. Rac1 Rb5 25. Rc4 Kf7 26. g3 Ke7 27. Rg4 g6 28. Rcc4 Kd7 29. Kg2 Rd5 30. Ra4 Kc6 31. Rge4 Kd7 32. g4 h5 33. h3 Ke7 34. Rec4 Kd7 35. Kf3 Rf8+ 36. Ke2 Ra8 37. Rc1 a5 38. Rg1 Rh8 39. Rd1 hxg4 40. Rxd5 exd5 41. hxg4 Re8 42. Kd3 Bb4 43. a3 Be1 44. Rf4 c6 45. Rf7+ Ke6 46. Rg7 Kf6 47. Rc7 a4 48. Rxc6+ Kf7 49. b4 1-0

[Event "Abu Dhabi Masters 28th"]
[Site "Abu Dhabi"]
[Date "2022.08.17"]
[Round "1"]
[White "Tanmay, Chopra"]
[Black "Nisipeanu, Liviu Dieter"]
[Result "0-1"]
[WhiteElo "2337"]
[BlackElo "2644"]
[PlyCount "80"]
[EventDate "2022.08.17"]
[EventType "swiss"]
[EventRounds "9"]
[EventCountry "UAE"]
[SourceTitle "CBM 209 Extra"]
[Source "ChessBase"]
[SourceDate "2022.09.30"]
[SourceVersion "1"]
[SourceVersionDate "2022.09.30"]
[SourceQuality "1"]

1. d4 d5 2. c4 e6 3. Nf3 Nf6 4. Nc3 c6 5. e3 Nbd7 6. Qc2 b6 7. b3 Bb7 8. Bd3 Bb4 9. 0-0 0-0 10. Bb2 c5 11. cxd5 exd5 12. dxc5 bxc5 13. Rad1 Qe7 14. Ne2 Rac8 15. Bf5 d4 16. Ng3 g6 17. Bxd7 Nxd7 18. exd4 cxd4 19. Qd3 Bxf3 20. Qxf3 Bc3 21. Bc1 Rfe8 22. Bf4 Qe6 23. h3 h5 24. Bg5 Rc5 25. Bd2 h4 26. Nh1 Rf5 27. Qb7 Nc5 28. Qxa7 Ne4 29. Bxc3 Nxc3 30. Rd2 Ne2+ 31. Rxe2 Qxe2 32. Qxd4 Rfe5 33. f4 Qe3+ 34. Qxe3 Rxe3 35. f5 g5 36. Nf2 Rc8 37. Ng4 Re2 38. f6 Rcc2 39. Rf5 Kh7 40. Rf3 Rxg2+ 0-1

[Event "Olympiad-44"]
[Site "Chennai"]
[Date "2022.08.08"]
[Round "10.3"]
[White "Nisipeanu, Liviu Dieter"]
[Black "Rodshtein, Maxim"]
[Result "1/2-1/2"]
[WhiteElo "2642"]
[BlackElo "2596"]
[PlyCount "58"]
[EventDate "2022.07.29"]
[EventType "team-swiss"]
[EventRounds "11"]
[EventCountry "IND"]
[SourceTitle "CBM 210"]
[Source "ChessBase"]
[SourceDate "2022.10.31"]
[SourceVersion "1"]
[SourceVersionDate "2022.10.31"]
[SourceQuality "1"]
[WhiteTeam "Germany"]
[BlackTeam "Israel"]
[WhiteTeamCountry "GER"]
[BlackTeamCountry "ISR"]

1. d4 Nf6 2. c4 e6 3. Nc3 Bb4 4. e3 0-0 5. Bd3 d5 6. a3 Bxc3+ 7. bxc3 dxc4 8. Bxc4 c5 9. Nf3 Qc7 10. Be2 Nc6 11. 0-0 e5 12. h3 cxd4 13. cxd4 exd4 14. Nxd4 Nxd4 15. Qxd4 Rd8 16. Qc4 Qxc4 17. Bxc4 Ne4 18. Bb2 Nd2 19. Rfc1 Nxc4 20. Rxc4 Be6 21. Rc7 b5 22. Bd4 a6 23. Rac1 Bc4 24. Kh2 Rac8 25. Ra7 Ra8 26. Rc7 Rac8 27. Ra7 Ra8 28. Rc7 Rac8 29. Ra7 Ra8 1/2-1/2